| 000 | 00800nam a2200169Ia 4500 | ||
|---|---|---|---|
| 008 | 090711s9999 xx 000 0 und d | ||
| 082 | _b66275 | ||
| 100 | _aजोशी विजया द. / पुरी उमा अ. | ||
| 245 | _aशरीरक्रिया शास्त्र व शरीर रSाना शास्त्र | ||
| 260 | _c1989 | ||
| 300 | _a232 | ||
| 600 | _aजोशी विजया द. / पुरी उमा अ. | ||
| 630 | _aशरीरक्रिया शास्त्र व शरीर रSाना शास्त्र | ||
| 700 | _aजोशी विजया द. / पुरी उमा अ. | ||
| 730 | _aशरीरक्रिया शास्त्र व शरीर रSाना शास्त्र | ||
| 942 | _cBOOK | ||
| 999 |
_c309258 _d309258 |
||